|
|
|
|
| LEADER |
00000cam a22000004a 4500 |
| 001 |
musev2_14764 |
| 003 |
MdBmJHUP |
| 005 |
20230905041621.0 |
| 006 |
m o d |
| 007 |
cr||||||||nn|n |
| 008 |
021007s2003 nyu o 00 0 eng d |
| 010 |
|
|
|z 2002036744
|
| 020 |
|
|
|a 9781610440363
|
| 040 |
|
|
|a MdBmJHUP
|c MdBmJHUP
|
| 043 |
|
|
|a n-us---
|
| 050 |
0 |
4 |
|a JV6455
|b .B42 2003
|
| 082 |
0 |
|
|a 304.8/73
|2 21
|
| 100 |
1 |
|
|a Bean, Frank D.
|
| 245 |
1 |
0 |
|a America's Newcomers and the Dynamics of Diversity /
|c Frank D. Bean and Gillian Stevens.
|
| 264 |
|
1 |
|a New York :
|b Russell Sage Foundation,
|c 2003.
|
| 264 |
|
3 |
|a Baltimore, Md. :
|b Project MUSE,
|c 0000
|
| 264 |
|
4 |
|c ©2003.
|
| 300 |
|
|
|a 1 online resource:
|b ill. ;
|
| 336 |
|
|
|a text
|b txt
|2 rdacontent
|
| 337 |
|
|
|a computer
|b c
|2 rdamedia
|
| 338 |
|
|
|a online resource
|b cr
|2 rdacarrier
|
| 490 |
0 |
|
|a The American Sociological Association's Rose series in sociology
|
| 504 |
|
|
|a Includes bibliographical references (p. 263-296) and index.
|
| 588 |
|
|
|a Description based on print version record.
|
| 650 |
|
0 |
|a Americanization.
|
| 650 |
|
0 |
|a Immigrants
|z United States.
|
| 651 |
|
0 |
|a United States
|x Emigration and immigration
|x Government policy.
|
| 651 |
|
0 |
|a United States
|x Emigration and immigration.
|
| 655 |
|
7 |
|a Electronic books.
|2 local
|
| 700 |
1 |
|
|a Stevens, Gillian.
|
| 710 |
2 |
|
|a Project Muse.
|e distributor
|
| 830 |
|
0 |
|a Rose series in sociology.
|
| 830 |
|
0 |
|a Book collections on Project MUSE.
|
| 856 |
4 |
0 |
|z Texto completo
|u https://projectmuse.uam.elogim.com/book/14764/
|
| 945 |
|
|
|a Project MUSE - Custom Collection
|